|
|
|
|
| LEADER |
00785cam a2200229 7i4500 |
| 001 |
0000031612 |
| 005 |
20190429090000.0 |
| 008 |
100113 eng |
| 020 |
|
|
|a 9780415391115 (hbk.)
|
| 020 |
|
|
|a 0415391113 (hbk.)
|
| 040 |
|
|
|a UiTM
|
| 090 |
0 |
0 |
|a TC187
|b .E37 2006
|
| 100 |
1 |
|
|a Eisma, D
|
| 245 |
1 |
0 |
|a Dredging in coastal waters
|c D. Eisma.
|
| 260 |
|
|
|a London:
|b Taylor & Francis,
|c 2006.
|
| 300 |
|
|
|a xiv, 244 p.:
|b ill., maps;
|c 26 cm.
|
| 490 |
0 |
|
|a Balkema - proceedings and monographs in engineering, water and earth sciences
|
| 500 |
|
|
|a Includes index
|
| 650 |
0 |
0 |
|a Dredging
|
| 997 |
|
|
|a Engineering & Life Sciences, Faculty
|b Engineering, Department
|
| 998 |
|
|
|a Civil Engineering, Degree
|
| 999 |
|
|
|a 0000038079
|b BOK
|c OPEN SHELF
|e 2nd Floor, Bestari Jaya
|